[Event "Oberliga Bayern 1920"]
[Site "Bayern"]
[Date "2020.03.01"]
[Round "7.2"]
[White "Neuschmied, Siegfried"]
[Black "Kraft, Volker"]
[Result "1/2-1/2"]
[WhiteElo "2256"]
[BlackElo "2340"]
[PlyCount "57"]
[EventDate "2019.10.20"]
[EventType "team-tourn"]
[EventRounds "9"]
[EventCountry "GER"]
[SourceTitle "EXT 2021"]
[Source "ChessBase"]
[SourceDate "2020.10.23"]
[SourceVersion "1"]
[SourceVersionDate "2020.10.23"]
[SourceQuality "1"]
[WhiteTeam "Pang/Rosenheim"]
[BlackTeam "Nuernberg Sued SW"]
[WhiteTeamCountry "GER"]
[BlackTeamCountry "GER"]

1. e4 c5 2. Nf3 g6 3. g3 Bg7 4. Bg2 Nc6 5. d3 d6 6. 0-0 e6 7. c3 Nge7 8. Be3 0-0 9. Qc1 b5 10. Bh6 Rb8 11. Bxg7 Kxg7 12. b4 f6 13. a3 a5 14. Qb2 e5 15. Nbd2 Qb6 16. Rad1 cxb4 17. cxb4 axb4 18. axb4 Ra8 19. Ra1 Be6 20. Ra3 Rxa3 21. Qxa3 Rc8 22. Nb3 Rc7 23. Ra1 Ra7 24. Na5 Kf7 25. h3 Nd4 26. Nxd4 Qxd4 27. Rc1 Ke8 28. Kf1 Kd7 29. Qc3 1/2-1/2

[Event "Oberliga Bayern 1920"]
[Site "Bayern"]
[Date "2019.10.20"]
[Round "1.2"]
[White "Klek, Hanna Marie"]
[Black "Kraft, Volker"]
[Result "1/2-1/2"]
[WhiteElo "2309"]
[BlackElo "2340"]
[PlyCount "66"]
[EventDate "2019.10.20"]
[EventType "team-tourn"]
[EventRounds "9"]
[EventCountry "GER"]
[SourceTitle "EXT 2022"]
[Source "ChessBase"]
[SourceDate "2021.10.06"]
[SourceVersion "1"]
[SourceVersionDate "2021.10.06"]
[SourceQuality "1"]
[WhiteTeam "Erlangen SC"]
[BlackTeam "Nuernberg Sued SW"]
[WhiteTeamCountry "GER"]
[BlackTeamCountry "GER"]

1. e4 c5 2. Nf3 g6 3. d4 cxd4 4. Qxd4 Nf6 5. Nc3 Nc6 6. Qa4 d6 7. e5 dxe5 8. Nxe5 Qd4 9. Nxc6 Qxa4 10. Nxa4 bxc6 11. Bc4 Nd5 12. Bd2 e6 13. 0-0-0 Be7 14. Bh6 f6 15. h4 Kf7 16. Be2 e5 17. c4 Nb6 18. Nc3 Be6 19. b3 f5 20. Kc2 Rhd8 21. g3 Bc5 22. Bg5 Rxd1 23. Nxd1 a5 24. h5 a4 25. hxg6+ hxg6 26. Kb1 axb3 27. axb3 Bd4 28. Rh7+ Kg8 29. Re7 Ra1+ 30. Kc2 Ra2+ 31. Kb1 Ra1+ 32. Kc2 Ra2+ 33. Kb1 Ra1+ 1/2-1/2

[Event "Landesliga Nord 1718"]
[Site "Bayern"]
[Date "2017.11.26"]
[Round "3.2"]
[White "Kraft, Volker"]
[Black "Oberhofer, Cedric"]
[Result "1-0"]
[WhiteElo "2318"]
[BlackElo "2172"]
[PlyCount "131"]
[EventDate "2017.10.22"]
[EventType "team-tourn"]
[EventRounds "9"]
[EventCountry "GER"]
[SourceTitle "EXT 2022"]
[Source "ChessBase"]
[SourceDate "2021.10.06"]
[SourceVersion "1"]
[SourceVersionDate "2021.10.06"]
[SourceQuality "1"]
[WhiteTeam "Zirndorf"]
[BlackTeam "Regensburg Bavaria"]
[WhiteTeamCountry "GER"]
[BlackTeamCountry "GER"]

1. Nf3 c5 2. b3 Nf6 3. Bb2 Nc6 4. c4 g6 5. g3 Bg7 6. Bg2 0-0 7. 0-0 d5 8. cxd5 Nxd5 9. Bxg7 Kxg7 10. Qc1 Qb6 11. Nc3 Nxc3 12. Qxc3+ f6 13. Rac1 Qa6 14. Qxc5 Qxa2 15. b4 a6 16. Ra1 Qe6 17. b5 Ne5 18. Rfc1 Nxf3+ 19. Bxf3 Rb8 20. Qa7 Bd7 21. bxa6 bxa6 22. Rxa6 Qf5 23. g4 Qb5 24. Rc7 Rfd8 25. Ra5 Qb4 26. Rd5 Ra8 27. Qb7 Qxb7 28. Rxb7 Be8 29. Rxe7+ Bf7 30. Rdd7 Ra1+ 31. Kg2 Rxd7 32. Rxd7 Kf8 33. Bd5 Bxd5+ 34. Rxd5 Ke7 35. d4 Ke6 36. Rc5 Ra7 37. Kf3 Ra3+ 38. e3 Ra7 39. h4 h6 40. Rc8 Kf7 41. Rh8 Kg7 42. Rc8 h5 43. gxh5 gxh5 44. Ke4 Kg6 45. Rg8+ Kf7 46. Rh8 Kg6 47. f4 Re7+ 48. Kf3 Rd7 49. Rg8+ Kf7 50. Ra8 Kg6 51. Ra5 Rd8 52. f5+ Kg7 53. Ra7+ Kh6 54. Rf7 Rd6 55. e4 Ra6 56. Kf4 Rd6 57. d5 Ra6 58. Rf8 Kg7 59. Re8 Ra3 60. Rb8 Ra6 61. Rb1 Ra7 62. d6 Ra6 63. Rd1 Ra8 64. d7 Rd8 65. e5 Kh6 66. e6 1-0

[Event "Landesliga Nord 1617"]
[Site "Bayern"]
[Date "2016.12.04"]
[Round "3.1"]
[White "Kraft, Volker"]
[Black "Reis, Gerhard"]
[Result "1/2-1/2"]
[WhiteElo "2294"]
[BlackElo "2181"]
[PlyCount "165"]
[EventDate "2016.10.16"]
[EventType "team-tourn"]
[EventRounds "9"]
[EventCountry "GER"]
[SourceTitle "EXT 2019"]
[Source "ChessBase"]
[SourceDate "2018.10.10"]
[SourceVersion "1"]
[SourceVersionDate "2018.10.10"]
[SourceQuality "1"]
[WhiteTeam "Zirndorf"]
[BlackTeam "Nuernberg Sued SW"]
[WhiteTeamCountry "GER"]
[BlackTeamCountry "GER"]

1. e4 c5 2. Ne2 Nc6 3. Nbc3 Nf6 4. g3 g6 5. d4 cxd4 6. Nxd4 Bg7 7. Nde2 0-0 8. Bg2 d6 9. 0-0 Bd7 10. h3 Rc8 11. Kh2 Qa5 12. Bd2 Qc7 13. Rc1 Qb8 14. b3 e6 15. Bf4 Ne5 16. Qd2 b5 17. Rfd1 Rc6 18. Be3 Rfc8 19. Kh1 b4 20. Nb1 Be8 21. c3 bxc3 22. Rxc3 Rxc3 23. Nbxc3 Nc6 24. Qxd6 Qxd6 25. Rxd6 Bf8 26. Rd1 Bb4 27. Nb1 a5 28. f4 e5 29. fxe5 Nxe5 30. Bd4 Bd6 31. Nbc3 Bc6 32. Rd2 h5 33. Nd5 Nxd5 34. exd5 Bd7 35. Kg1 a4 36. Kf2 axb3 37. axb3 Rb8 38. Nc1 Rc8 39. Na2 Bf5 40. Nc3 Nd3+ 41. Ke3 Nc5 42. b4 Re8+ 43. Kf2 Nd3+ 44. Rxd3 Bxd3 45. Bc5 Be5 46. Ne4 Rd8 47. Ke3 Bc4 48. d6 f5 49. Bd4 Bxd4+ 50. Kxd4 fxe4 51. Kxc4 e3 52. Kd3 Rxd6+ 53. Kxe3 Rb6 54. Bf3 Kg7 55. g4 hxg4 56. Bxg4 Kf6 57. Kf4 Rxb4+ 58. Kg3 Kg5 59. h4+ Kf6 60. Bd7 Rd4 61. Bc8 Ke5 62. Ba6 Rd8 63. Kg4 Kf6 64. Bb7 Rd4+ 65. Kg3 Ke5 66. Ba6 Ra4 67. Bb7 Rc4 68. Ba6 Rb4 69. Bf1 g5 70. hxg5 Kf5 71. Be2 Kxg5 72. Bf3 Rb3 73. Kf2 Kf4 74. Bd5 Rb2+ 75. Kf1 Rd2 76. Bc6 Ke3 77. Bb7 Rd7 78. Bc6 Rf7+ 79. Kg2 Rc7 80. Bd5 Rc2+ 81. Kg3 Rc5 82. Bb7 Rg5+ 83. Kh3 1/2-1/2

[Event "Regionalliga NO 1415"]
[Site "Bayern"]
[Date "2014.11.09"]
[Round "2.2"]
[White "Ganaus, Hannes"]
[Black "Kraft, Volker"]
[Result "0-1"]
[WhiteElo "2292"]
[BlackElo "2294"]
[PlyCount "74"]
[EventDate "2014.10.19"]
[EventType "team-tourn"]
[EventRounds "9"]
[EventCountry "GER"]
[SourceTitle "EXT 2018"]
[Source "ChessBase"]
[SourceDate "2017.10.13"]
[SourceVersion "1"]
[SourceVersionDate "2017.10.13"]
[SourceQuality "1"]
[WhiteTeam "Regensburg Bavaria"]
[BlackTeam "Zirndorf"]
[WhiteTeamCountry "GER"]
[BlackTeamCountry "GER"]

1. d4 f5 2. c4 Nf6 3. Nc3 d6 4. Bg5 Nbd7 5. h4 e5 6. e3 c6 7. Qc2 h6 8. Bxf6 Qxf6 9. 0-0-0 Be7 10. f4 0-0 11. h5 exf4 12. exf4 Qf7 13. Bd3 Nf6 14. Re1 Bd8 15. g4 fxg4 16. Nge2 Ba5 17. Ng3 d5 18. c5 b6 19. Bg6 Qc7 20. Qd2 bxc5 21. dxc5 Bxc3 22. bxc3 Qa5 23. Re7 Qxc5 24. Rhe1 Kh8 25. Bc2 Ne4 26. Nxe4 Qxe7 27. Ng3 Qh4 28. Re3 Ba6 29. Bb1 Rab8 30. Qc2 Rxb1+ 31. Kxb1 Qd8 32. Nf5 Bc8 33. Re5 Qb6+ 34. Ka1 Bxf5 35. Rxf5 Qg1+ 36. Kb2 Rb8+ 37. Ka3 Qc5+ 0-1

[Event "Landesliga Nord 1314"]
[Site "Bayern"]
[Date "2014.01.19"]
[Round "5.1"]
[White "Kraft, Volker"]
[Black "Schramm, Christian"]
[Result "0-1"]
[WhiteElo "2404"]
[BlackElo "2398"]
[PlyCount "52"]
[EventDate "2013.10.13"]
[EventType "team"]
[EventRounds "9"]
[EventCountry "GER"]
[SourceTitle "EXT 2015"]
[Source "ChessBase"]
[SourceDate "2014.11.20"]
[SourceVersion "1"]
[SourceVersionDate "2014.11.20"]
[SourceQuality "1"]
[WhiteTeam "Zirndorf"]
[BlackTeam "Obernau"]
[WhiteTeamCountry "GER"]
[BlackTeamCountry "GER"]

1. e4 e6 2. Nf3 d5 3. Nc3 Nf6 4. e5 Nfd7 5. d4 c5 6. dxc5 Nc6 7. Bf4 Bxc5 8. Bd3 h6 9. h4 a6 10. 0-0 g5 11. hxg5 hxg5 12. Bxg5 Qc7 13. Re1 Be7 14. Bxe7 Nxe7 15. Qd2 b6 16. Qf4 f5 17. Nd4 Nc5 18. f3 Bb7 19. Bf1 0-0-0 20. Qd2 Ng6 21. b4 Ne4 22. fxe4 dxe4 23. Nce2 Nxe5 24. Qe3 Rxd4 25. Rad1 Ng4 26. Qf4 Qh7 0-1

[Event "Landesliga Nord 1314"]
[Site "Bayern"]
[Date "2013.10.13"]
[Round "1.2"]
[White "Kraft, Volker"]
[Black "Hilverda, Alexander"]
[Result "1-0"]
[WhiteElo "2404"]
[BlackElo "2293"]
[PlyCount "133"]
[EventDate "2013.10.13"]
[EventType "team"]
[EventRounds "9"]
[EventCountry "GER"]
[SourceTitle "EXT 2015"]
[Source "ChessBase"]
[SourceDate "2014.11.20"]
[SourceVersion "1"]
[SourceVersionDate "2014.11.20"]
[SourceQuality "1"]
[WhiteTeam "Zirndorf"]
[BlackTeam "Erlangen"]
[WhiteTeamCountry "GER"]
[BlackTeamCountry "GER"]

1. e4 c5 2. b3 Nc6 3. Bb2 d6 4. g3 Nf6 5. Bg2 g6 6. Ne2 Bg7 7. d4 cxd4 8. Nxd4 Qb6 9. Nxc6 bxc6 10. 0-0 0-0 11. c4 a5 12. Qd2 Rd8 13. Nc3 Nd7 14. Na4 Qc7 15. Bxg7 Kxg7 16. Rfd1 Ba6 17. Qg5 Nf8 18. Qe3 e5 19. f4 Ne6 20. f5 Nd4 21. f6+ Kxf6 22. Qh6 Rf8 23. Rf1+ Ke7 24. Rf2 Bc8 25. Qh4+ Ke8 26. Qxh7 Rb8 27. Raf1 Be6 28. Qg7 Qe7 29. c5 Kd7 30. Bh3 Ke8 31. cxd6 Qxd6 32. Bg2 Rb7 33. Qf6 Rd7 34. Rc1 Bg4 35. Qxd6 Rxd6 36. Rc5 f6 37. h3 Be6 38. Rxa5 Ke7 39. Nc5 Nb5 40. a4 Rd1+ 41. Rf1 Rxf1+ 42. Bxf1 Nd4 43. b4 f5 44. Ra7+ Kf6 45. a5 fxe4 46. Nxe4+ Kf5 47. Nd6+ Kg5 48. Bg2 Nf3+ 49. Kf2 Nh4+ 50. Nf7+ Bxf7 51. gxh4+ Kxh4 52. Ke3 Bd5 53. Bxd5 cxd5 54. b5 Kg3 55. Re7 Rf3+ 56. Ke2 Rf2+ 57. Ke1 e4 58. b6 Rb2 59. b7 Kf3 60. a6 e3 61. Rf7+ Ke4 62. a7 Rb1+ 63. Ke2 Rb2+ 64. Kf1 Kd3 65. b8Q Rc2 66. Qb3+ Kd2 67. Qxd5+ 1-0

[Event "Landesliga Nord 1213"]
[Site "Bayern"]
[Date "2012.11.25"]
[Round "3.2"]
[White "Krauseneck, Peter"]
[Black "Kraft, Volker"]
[Result "0-1"]
[WhiteElo "2084"]
[BlackElo "2362"]
[PlyCount "82"]
[EventDate "2012.10.14"]
[EventType "team-tourn"]
[EventRounds "9"]
[EventCountry "GER"]
[SourceTitle "EXT 2015"]
[Source "ChessBase"]
[SourceDate "2014.11.20"]
[SourceVersion "1"]
[SourceVersionDate "2014.11.20"]
[SourceQuality "1"]
[WhiteTeam "Bamberg"]
[BlackTeam "Zirndorf"]
[WhiteTeamCountry "GER"]
[BlackTeamCountry "GER"]

1. e4 e5 2. f4 d5 3. exd5 c6 4. d4 exd4 5. Qxd4 cxd5 6. Nc3 Nf6 7. Nf3 Nc6 8. Bb5 Bd7 9. Bxc6 bxc6 10. 0-0 Be7 11. Ne5 0-0 12. Nxd7 Nxd7 13. Be3 Qb8 14. Rab1 Re8 15. Qd2 Bd6 16. Kh1 Nf6 17. a3 a5 18. Bd4 Ne4 19. Nxe4 Rxe4 20. Be3 f5 21. Qf2 Qb5 22. c3 Rae8 23. Rfe1 Qd3 24. Bd4 Re2 25. Qf1 Bxf4 26. Rxe2 Rxe2 27. a4 Bc7 28. b4 axb4 29. cxb4 Rd2 30. Qxd3 Rxd3 31. Bc5 Rc3 32. Kg1 Kf7 33. Ra1 Be5 34. Ra2 d4 35. Kf2 d3 36. a5 Rc2+ 37. Rxc2 dxc2 38. Be3 Bd4 39. Bxd4 c1Q 40. Bc5 Qa3 41. h3 g5 0-1

[Event "Landesliga Nord 1011"]
[Site "Bayern"]
[Date "2011.02.27"]
[Round "7.1"]
[White "Kraft, Volker"]
[Black "Giessmann, Stephan"]
[Result "1-0"]
[WhiteElo "2406"]
[BlackElo "2197"]
[PlyCount "111"]
[EventDate "2010.10.10"]
[EventType "team-tourn"]
[EventRounds "9"]
[EventCountry "GER"]
[SourceTitle "EXT 2012"]
[Source "ChessBase"]
[SourceDate "2011.11.24"]
[SourceVersion "1"]
[SourceVersionDate "2011.11.24"]
[SourceQuality "1"]
[WhiteTeam "Zirndorf"]
[BlackTeam "Kelheim"]
[WhiteTeamCountry "GER"]
[BlackTeamCountry "GER"]

1. e4 e6 2. d4 d5 3. e5 c5 4. c3 Nc6 5. Nf3 Qb6 6. a3 c4 7. Nbd2 f6 8. Be2 fxe5 9. Nxe5 Nxe5 10. dxe5 Bc5 11. 0-0 Ne7 12. b4 cxb3 13. Nxb3 0-0 14. Nxc5 Qxc5 15. Qd3 Bd7 16. a4 Rf7 17. Ba3 Qc6 18. a5 Rc8 19. Bb4 Ng6 20. Bh5 Rf5 21. Bxg6 hxg6 22. Qg3 Qc4 23. Rad1 Rf4 24. Qxg6 Rg4 25. Qh5 Qe4 26. Qh3 Rc4 27. Rfe1 Qc2 28. f3 Rg5 29. g3 Rxe5 30. Qf1 Rh5 31. Re2 Qg6 32. Qf2 Rch4 33. Qe1 Kf7 34. Bd6 Bb5 35. Rb2 Bc6 36. a6 b6 37. Qe3 Rc4 38. Bb8 Rf5 39. Rd4 Qf6 40. f4 Qg6 41. Bxa7 b5 42. Bb8 Rh5 43. a7 Ba8 44. Be5 Rh8 45. Qd3 Bc6 46. f5 exf5 47. Rf2 Ke6 48. Rxc4 dxc4 49. Qd6+ Kf7 50. Qc7+ Kg8 51. Rf4 Rh5 52. a8Q+ Bxa8 53. Qb8+ Kh7 54. Qxa8 Qe6 55. Qb8 Rh6 56. Qc7 1-0

[Event "Landesliga Nord 1011"]
[Site "Bayern"]
[Date "2010.11.14"]
[Round "3.1"]
[White "Kraft, Volker"]
[Black "Zvara, Petr"]
[Result "0-1"]
[WhiteElo "2406"]
[BlackElo "2364"]
[PlyCount "136"]
[EventDate "2010.10.10"]
[EventType "team-tourn"]
[EventRounds "9"]
[EventCountry "GER"]
[SourceTitle "EXT 2012"]
[Source "ChessBase"]
[SourceDate "2011.11.24"]
[SourceVersion "1"]
[SourceVersionDate "2011.11.24"]
[SourceQuality "1"]
[WhiteTeam "Zirndorf"]
[BlackTeam "Schwandorf"]
[WhiteTeamCountry "GER"]
[BlackTeamCountry "GER"]

1. e4 e5 2. f4 Bc5 3. Nf3 d6 4. Nc3 Nf6 5. Bc4 Nc6 6. d3 a6 7. f5 h6 8. Nd5 Na5 9. Nxf6+ Qxf6 10. g4 Nxc4 11. dxc4 Bd7 12. Qe2 Bc6 13. Bd2 Qe7 14. 0-0-0 0-0-0 15. Rhf1 f6 16. h4 Qf7 17. b3 g6 18. Ne1 gxf5 19. gxf5 Rdg8 20. Nd3 Ba3+ 21. Kb1 Rg3 22. Be1 Rg7 23. Bb4 Bxb4 24. Nxb4 Qe8 25. Rg1 Rhg8 26. Rxg7 Rxg7 27. Nxc6 Qxc6 28. Qh5 Rg2 29. Rc1 b6 30. Qf3 Rg8 31. a4 Kb7 32. Re1 Qe8 33. Qd1 Rg2 34. a5 bxa5 35. Qd5+ Qc6 36. Qxa5 Rg4 37. Qb4+ Ka7 38. Qd2 Rxe4 39. Rg1 Qc5 40. Rg6 Rxh4 41. Rxh6 Rd4 42. Qe2 Rf4 43. Rxf6 e4 44. Rf7 Qg1+ 45. Ka2 Kb6 46. Qd2 Qf2 47. Qb4+ Kc6 48. Qa4+ Kb7 49. Qb4+ Kc8 50. Qc3 Rf3 51. Rf8+ Kd7 52. Qg7+ Kc6 53. Kb2 Rxf5 54. Re8 Re5 55. Rxe5 Qd4+ 56. Kc1 dxe5 57. Qg6+ Kb7 58. Qg2 Kb6 59. Qg6+ c6 60. Qg8 e3 61. Qb8+ Ka5 62. c3 Qxc3+ 63. Kb1 e2 64. Ka2 Qc2+ 65. Ka3 Qc1+ 66. Ka2 e1Q 67. Qd8+ Kb4 68. Qb6+ Kc3 0-1